| 000 | 01061nmm a2200313 a 4500 | ||
|---|---|---|---|
| 001 | ocm0002146917 | ||
| 003 | TR-IsHL | ||
| 005 | 20201028183755.0 | ||
| 008 | 181218s2013 tu tur | ||
| 007 | cr cn | ||
| 020 | _a9786055175344 | ||
| 035 |
_a2146917 _b(N$T) |
||
| 050 | 0 | 4 |
_aPS3554.I86 _bO4419 2013 |
| 090 | 0 | 4 |
_aPS3554.I86 _bO4419 2013 |
| 100 | 1 | _aDivakaruni, Chitra Banerjee | |
| 245 | 1 | 0 |
_aZambak kızı _h[electronic resource] / _cChitra Banerjee Divakaruni ; çeviren : A. Sevde Kaplan ; editör Dilda Eşiyok |
| 250 | _a1. Baskı | ||
| 260 |
_aİstanbul : _bAspendos Yayınları, _c2013 |
||
| 300 | _a397 p. | ||
| 500 | _aEserin özgün adı : Oleander girl. | ||
| 650 | 4 | _aDil ve Edebiyat | |
| 650 | 4 | _aLanguage and Literature | |
| 650 | 0 | _aAmerikan romanı | |
| 650 | 0 | _aAmerican fiction | |
| 650 | 7 |
_aLITERARY COLLECTIONS / American / General _2bisacsh |
|
| 700 | 1 | _aKaplan, A. Sevde | |
| 700 | 1 | _aEşiyok, Dilda | |
| 856 | 4 | 0 | _uhttp://search.ebscohost.com/login.aspx?direct=true&scope=site&db=e011xww&AN=2146917 |
| 999 |
_c20692 _d20692 |
||